| 000 | 00873nas a2200289 4500 | ||
|---|---|---|---|
| 001 | BR9502800 | ||
| 003 | BR-BrBNA | ||
| 005 | 20231205094021.0 | ||
| 007 | ta | ||
| 008 | 230509b bl.|||p| |||| 00| 00por d | ||
| 040 |
_aBR-BrBNA _bpor _cBiblioteca Nacional de Agricultura |
||
| 041 | _a(Pt) | ||
| 072 | _aF30 | ||
| 100 | 1 | _aCampana, M.P. | |
| 100 | 1 | _aSilvarolla, M.B. | |
| 100 | 1 | _aLandell, M.G. de A. | |
| 100 | 1 | _aAlvarez, R. | |
| 245 | 1 | _aComportamento agroindustrial de clones IAC de cana-de-acucar, serie 1980, em latossolo vermelho-escuro | |
| 650 | _aCana de Acucar | ||
| 650 | _aClone | ||
| 650 | _aHibrido | ||
| 650 | _aComportamento de Variedade | ||
| 650 | _aVariedade Resistente | ||
| 773 | 0 |
_tSTAB (Brazil) _xISSN 0102-1214 _g(May-Aug 1990), v. 8(5-6) p. 22-25 _wBR9502800 |
|
| 909 |
_a202311 _bLúcia _c55 _dLúcia Elande |
||
| 942 |
_2AGRIS _n0 _cANA |
||
| 999 |
_c141616 _d141616 |
||